Statistics for U.S. City Based Off Iconic Towers (Easy)

Click here to take the quiz!

General Stats

  • This quiz has been taken 29 times
  • The average score is 8 of 15

Answer Stats

Answer% Correct
Seattle
94%
Chicago
82%
New York City
82%
San Francisco
65%
Detroit
59%
Los Angeles
59%
Philadelphia
47%
Atlanta
41%
Dallas
41%
Denver
41%
Nashville
41%
Houston
35%
Charlotte
29%
Cleveland
29%
Boston
24%

Score Distribution

Percentile by Number Answered

Percent of People with Each Score

Your Score History

You have not taken this quiz